D. Ceferino G. del Campillo, organizador y jefe de la 1ª Guerrilla montada de movilizados de Corralillo, provincia de Santa Clara (Record no. 163791)

MARC details
000 -LEADER
campo de control de longitud fija 00981nam a22002055i 4500
001 - NÚMERO DE CONTROL
campo de control 163791
003 - IDENTIFICADOR DE NÚMERO DE CONTROL
campo de control ES-MaACL
005 - FECHA Y HORA DE LA ÚLTIMA TRANSACCIÓN
campo de control 20230906212819.0
008 - DATOS DE LONGITUD FIJA--INFORMACIÓN GENERAL
campo de control de longitud fija 050718s1899 sp ac | |||||||| ||spa d
040 ## - FUENTE DE CATALOGACIÓN
Centro catalogador/agencia de origen CAM
Lengua de catalogación spa
Centro/agencia transcriptor CAM
100 1# - ENTRADA PRINCIPAL--NOMBRE DE PERSONA
Nombre de persona Rodríguez Martín, Sebastián.
9 (RLIN) 131946
245 10 - MENCIÓN DEL TÍTULO
Título D. Ceferino G. del Campillo, organizador y jefe de la 1ª Guerrilla montada de movilizados de Corralillo, provincia de Santa Clara
Resto del título : guerrilleros movilizados de Cuba : marzo de 1899 /
Mención de responsabilidad, etc. [Sebastián Rodríguez Martín].
260 ## - PUBLICACIÓN, DISTRIBUCIÓN, ETC.
Lugar de publicación, distribución, etc. Madrid :
Nombre del editor, distribuidor, etc. [s.n.],
Fecha de publicación, distribución, etc. 1899 (
Fabricante Establecimiento tipográfico de Francisco Nozal)
300 ## - DESCRIPCIÓN FÍSICA
Extensión 78 p., [1] h. de lám. ;
Dimensiones 22 cm.
594 ## - Nota al título y mención de responsabilidad
Nota al título y mención de responsabilidad Dato de autor consta en la cub.
599 ## - NOTA A LAS ILUSTRACIONES
NOTA A LAS ILUSTRACIONES La h. de lám. retrato del biografiado.
600 14 - PUNTO DE ACCESO ADICIONAL DE MATERIA--NOMBRE DE PERSONA
Nombre de persona Campillo, Ceferino G. del-
Subdivisión general Biografías.
9 (RLIN) 126301
651 #4 - PUNTO DE ACCESO ADICIONAL DE MATERIA--NOMBRE GEOGRÁFICO
Nombre geográfico Cuba-
Subdivisión general Historia-
Subdivisión cronológica 1810-1899.
9 (RLIN) 148036
852 ## - LOCALIZACIÓN
Ubicación ES-MaACL
Número de control de estantería T-926-F-1
Nota libre -- Enc. hol., conservando la cub. original
-- -- Enc. en un vol. facticio
Holdings
Estatus retirado Estado de pérdida Estado de daño No para préstamo Colección Biblioteca de origen Biblioteca actual Ubicación en estantería Fecha de adquisición Total de préstamos Signatura topográfica completa Código de barras Visto por última vez Precio de reemplazo Tipo de ítem Koha
        Colección de folletos Biblioteca del Ateneo de Madrid Biblioteca del Ateneo de Madrid Depósito folletos 17/01/2008   T-926-F-1 1171651 23/02/2023 23/02/2023 Folleto